|
|
|
|
| LEADER |
02716nam a2200529 4500 |
| 001 |
978-3-319-65744-8 |
| 003 |
DE-He213 |
| 005 |
20191022091749.0 |
| 007 |
cr nn 008mamaa |
| 008 |
171030s2018 gw | s |||| 0|eng d |
| 020 |
|
|
|a 9783319657448
|9 978-3-319-65744-8
|
| 024 |
7 |
|
|a 10.1007/978-3-319-65744-8
|2 doi
|
| 040 |
|
|
|d GrThAP
|
| 050 |
|
4 |
|a HM621-656
|
| 072 |
|
7 |
|a JFCA
|2 bicssc
|
| 072 |
|
7 |
|a SOC022000
|2 bisacsh
|
| 072 |
|
7 |
|a JBCC1
|2 thema
|
| 082 |
0 |
4 |
|a 306
|2 23
|
| 245 |
1 |
0 |
|a Age of the Geek
|h [electronic resource] :
|b Depictions of Nerds and Geeks in Popular Media /
|c edited by Kathryn E. Lane.
|
| 250 |
|
|
|a 1st ed. 2018.
|
| 264 |
|
1 |
|a Cham :
|b Springer International Publishing :
|b Imprint: Palgrave Macmillan,
|c 2018.
|
| 300 |
|
|
|a XV, 297 p.
|b online resource.
|
| 336 |
|
|
|a text
|b txt
|2 rdacontent
|
| 337 |
|
|
|a computer
|b c
|2 rdamedia
|
| 338 |
|
|
|a online resource
|b cr
|2 rdacarrier
|
| 347 |
|
|
|a text file
|b PDF
|2 rda
|
| 520 |
|
|
|a This collection examines the nerd and/or geek stereotype in popular culture today. Utilizing the media-film, TV, YouTube, Twitter, fiction-that often defines daily lives, the contributors interrogate what it means to be labeled a "nerd" or "geek." While the nerd/geek that is so easily recognized now is assuredly a twenty-first century construct, an examination of the terms' history brings a greater understanding of their evolution. From sports to slasher films, Age of the Geek establishes a dialogue with texts as varied as the depictions of "nerd" or "geek" stereotypes.
|
| 650 |
|
0 |
|a Popular Culture.
|
| 650 |
|
0 |
|a United States-Study and teaching.
|
| 650 |
|
0 |
|a Culture.
|
| 650 |
|
0 |
|a Gender.
|
| 650 |
|
0 |
|a Film genres.
|
| 650 |
|
0 |
|a Communication.
|
| 650 |
1 |
4 |
|a Popular Culture .
|0 http://scigraph.springernature.com/things/product-market-codes/411170
|
| 650 |
2 |
4 |
|a American Culture.
|0 http://scigraph.springernature.com/things/product-market-codes/411010
|
| 650 |
2 |
4 |
|a Culture and Gender.
|0 http://scigraph.springernature.com/things/product-market-codes/411210
|
| 650 |
2 |
4 |
|a Genre.
|0 http://scigraph.springernature.com/things/product-market-codes/413110
|
| 650 |
2 |
4 |
|a Media and Communication.
|0 http://scigraph.springernature.com/things/product-market-codes/412010
|
| 700 |
1 |
|
|a Lane, Kathryn E.
|e editor.
|4 edt
|4 http://id.loc.gov/vocabulary/relators/edt
|
| 710 |
2 |
|
|a SpringerLink (Online service)
|
| 773 |
0 |
|
|t Springer eBooks
|
| 776 |
0 |
8 |
|i Printed edition:
|z 9783319657431
|
| 776 |
0 |
8 |
|i Printed edition:
|z 9783319657455
|
| 776 |
0 |
8 |
|i Printed edition:
|z 9783319880969
|
| 856 |
4 |
0 |
|u https://doi.org/10.1007/978-3-319-65744-8
|z Full Text via HEAL-Link
|
| 912 |
|
|
|a ZDB-2-LCM
|
| 950 |
|
|
|a Literature, Cultural and Media Studies (Springer-41173)
|